Harry Potter Characters by First Line Quiz Stats

 Plays Quiz Updated Dec 30, 2017

Challenge
Share
Tweet
Score 0/28 Timer 08:00
0 Plays Today
% Correct
Neville Longbottom
89.7%
Peter Pettigrew
89.2%
Rolanda Hooch
88.8%
Hermione Granger
86.4%
Voldemort
86.4%
Severus Snape
86.4%
Ron Weasley
84.5%
Ginny Weasley
80.2%
Rubeus Hagrid
78.8%
Arthur Weasley
78.5%
Olympe Maxime
77.9%
Bellatrix Lestrange
77.8%
Argus Filch
76.5%
Fleur Delacour
74.9%
% Correct
Sybill Trelawney
69.8%
Dobby
68.7%
Nymphadora Tonks
67.2%
Horace Slughorn
65.8%
Molly Weasley
65.6%
Viktor Krum
65.5%
Vernon Dursley
62.6%
Luna Lovegood
62.2%
Rita Skeeter
61.8%
Griphook
57.4%
Albus Dumbledore
56.3%
Harry Potter
55.8%
Minerva McGonagall
55.6%
Draco Malfoy
46.9%

You're not logged in!

Compare scores with friends on all Sporcle quizzes.
Join for Free
OR
Log In

You Might Also Like...

Show Comments

Extras

Top Quizzes Today


Score Distribution

Your Account Isn't Verified!

In order to create a playlist on Sporcle, you need to verify the email address you used during registration. Go to your Sporcle Settings to finish the process.

Report this User

Report this user for behavior that violates our Community Guidelines.

Details: